Química analítica contemporánea

Bibliographic Details
Main Authors: Rubinson, Judith F., Rubinson A., Kenneth A.
Format: Section = Libro
Language:Undetermined
Spanish
Published: México Prentice Hall 2000
Subjects:
LEADER 00647nam a2200241Ia 4500
008 240830s9999 xx 000 0 und d
020 |a 970-17-0342-1 
040 |a CEDOC FIQ-RUSB / 543 R896 
041 |a spa 
082 |a 543 R896 
100 1 |a Rubinson, Judith F. 
100 1 |b  Rubinson A., Kenneth A. 
245 1 0 |a Química analítica contemporánea 
260 |a México  |b Prentice Hall  |c 2000 
300 |a 614 p. :il 
650 7 |a QUIMICA ANALITICA 
650 7 |b  EQUILIBRIO QUIMICOS 
650 7 |c  METODOS ELECTROQUIMICOS 
650 7 |d  METODOS CINETICOS 
650 7 |e  ESPECTROMETRIA 
942 |c BK  |2 ddc 
991 |a TEXTO 
999 |c 13681